000 00338nam a2200133Ia 4500
008 191201s2008 xx 000 0 und d
082 _a629.287
_bCRA
100 _aCROUSE, William H
245 0 _aAutomotive Mechanics
260 _aN.Delhi
_bTata Mc Graw Hill Pub co. Ltd
_c2008
300 _a820
650 _aB.Tech(ME)
942 _2ddc
_cBK
999 _c4019
_d4019